| 000 | 00627nam a2200217Ia 4500 | ||
|---|---|---|---|
| 003 | 0100 | ||
| 008 | 130303s9999 xx 000 0 und d | ||
| 040 | _cARRUPELIB | ||
| 050 | _aQ175.P8643 1992 | ||
| 100 | _aPopper, Karl R | ||
| 245 | _aRealism and the Aim of Science | ||
| 260 | _aLondon | ||
| 260 | _bRoutledge | ||
| 260 | _C1992 | ||
| 300 | _a420p | ||
| 650 | _bThomas, Aquinas, Saint, 1225?- 1274 | ||
| 650 | _cHuman acts -- History of doctrines -- Middle Ages, 600 - 1500 | ||
| 650 | _dAct (Philosophy) | ||
| 700 | _aBartley, William Warren, 1934-Postscript to the Logic of Scientific Discovery | ||
| 942 | 0 | 0 | _03 |
| 999 |
_c19747 _d19747 |
||